Сведения о деятельности Всесоюзной Комиссии по организации и распоряжению фондом им. В. И. Ленина помощи беспризорным детям

Доступно только в Электронных читальных залах Найти на картеНа карте
RUSMARC
00003918nac2a22002533x 450
00148e61b31-20ee-4164-ab26-be67d4ea1ea7
00520220204124209.0
100##$a20211219l19261926k y0rusy50 ca
1010#$arus
102##$aRU
105##$ay z |||||
1222#$ad19260218
$ad19261112
2001#$aСведения о деятельности Всесоюзной Комиссии по организации и распоряжению фондом им. В. И. Ленина помощи беспризорным детям
$j18.02.1926 - 12.11.1926
215##$a6 листов
251##$cДело
300##$aЛисты: 1-5 - заломы и замятость по нижнему краю
300##$aЧасть текста машинописная, часть - напечатана типографским способом
461#0$1001796d4672-8a00-4986-b488-6e42273792cc
$12001
$aЦЕНТРАЛЬНЫЙ ИСПОЛНИТЕЛЬНЫЙ КОМИТЕТ СССР (ЦИК СССР)
$1251
$cФонд
$1852
$j3316
$gР
462#0$1001e365b2fb-f374-4764-a068-dc9012f0aaee
$12001
$aДела Секретариата Президиума ЦИК Союза ССР за 1926 г.
$vД. 10
$1251
$cОпись
$1852
$j19
60101$3RU\NLR\AUTH\880357276
$aСССР
$bЦИК
60101$3RU\NLR\AUTH\8810187346
$aРСФСР
$bКомиссия по организации и распоряжению фондом им. Ленина для помощи беспризорным детям
801#0$aRU
$bGA_RF
801#1$aRU
$bГлавНИВЦ
$c20211219
$2rusmarc
801#2$aRU
$bПБ им. Б.Н. Ельцина
$c20220204
$gRCR
$2rusmarc
852##$aГА РФ
$j10
937##$d173865527
$hГАРФ
035##$aRuPRLIB51066318
856##$uhttp://readingroom.main.prlib.ru/item.aspx?id_node=n173865527&mode=full
Формат отображения